Napoléon : jeudi 12 octobre 1809 : le jour où Napoléon faillit être assassiné /

Bibliographic Details
Main Author: Tulard, Jean
Format: Book
Language:French
Published: [Paris] : J.C. Lattès, [1994]
Series:Journée particulière.
Subjects:

MARC

Tag First Indicator Second Indicator Subfields
LEADER 00000cam a2200000 a 4500
001 in00001167521
005 20151001082823.0
008 940117s1994 fr b 000 0 fre d
020 |a 2709613751  |c 119 FF. 
035 |a (OCoLC)29640254 
035 |9 AGF5526AM 
040 |a FFD  |b fre  |c FFD  |d NYP  |d TXA  |d UtOrBLW 
043 |a e-fr--- 
049 |a TXAM 
090 |a DC203  |b .T85 1994 
092 1 |a 920.71 
100 1 |a Tulard, Jean. 
245 1 0 |a Napoléon :  |b jeudi 12 octobre 1809 : le jour où Napoléon faillit être assassiné /  |c Jean Tulard. 
264 1 |a [Paris] :  |b J.C. Lattès,  |c [1994] 
264 4 |c ©1994 
300 |a 187 pages, 2 unnumbered pages ;  |c 23 cm. 
336 |a text  |b txt  |2 rdacontent 
337 |a unmediated  |b n  |2 rdamedia 
338 |a volume  |b nc  |2 rdacarrier 
490 1 |a Une journée particulière 
504 |a Includes bibliographical references (pages 183-[188]). 
600 0 0 |a Napoleon  |b I,  |c Emperor of the French,  |d 1769-1821  |x Assassination attempt, 1809 (October 12) 
600 1 0 |a Napoleon  |b I,  |c Emperor of the French,  |d 1769-1821. 
830 0 |a Journée particulière. 
999 |a MARS 
999 f f |s b8a8e0dc-500b-3056-b52e-468bbbcd6fc2  |i 18c5eeaa-8375-3cf9-80f3-7c46b4a0f033  |t 0 
952 f f |p ric  |a Texas A&M University  |b Rellis Campus  |c Joint Library Facility  |d Remote Storage  |t 0  |e DC203 .T85 1994  |h Library of Congress classification  |i unmediated -- volume  |m A14818679551 
998 f f |a DC203 .T85 1994  |t 0  |l Remote Storage